[Event "Madrid-ch U14"]
[Site "Madrid"]
[Date "2019.03.30"]
[Round "1"]
[White "Zhou, Lulu"]
[Black "Garcia Pardo, Celia"]
[Result "1-0"]
[WhiteElo "1885"]
[BlackElo "1585"]
[PlyCount "53"]
[EventDate "2019.03.30"]
[EventType "swiss"]
[EventRounds "6"]
[EventCountry "ESP"]
[SourceTitle "EXT 2021"]
[Source "ChessBase"]
[SourceDate "2020.10.23"]
[SourceVersion "1"]
[SourceVersionDate "2020.10.23"]
[SourceQuality "1"]

1. e4 c5 2. Nf3 d6 3. d4 cxd4 4. Nxd4 Nf6 5. Nc3 a6 6. Be2 e5 7. Nb3 Be7 8. 0-0 0-0 9. f4 Nc6 10. f5 Re8 11. Kh1 b6 12. g4 g6 13. Bc4 b5 14. Bd5 Bb7 15. Qf3 b4 16. fxg6 hxg6 17. g5 bxc3 18. gxf6 Bf8 19. Rg1 Ne7 20. fxe7 Qxe7 21. Rxg6+ Bg7 22. Bh6 Qf8 23. Rxg7+ Kh8 24. Qf5 Qxg7 25. Bxg7+ Kxg7 26. Rg1+ Kh6 27. Qh3# 1-0

[Event "Madrid Chamartin op 7th"]
[Site "Madrid"]
[Date "2018.09.04"]
[Round "3"]
[White "Martinez Miura, Enrique"]
[Black "Garcia Pardo, Celia"]
[Result "1/2-1/2"]
[WhiteElo "1627"]
[BlackElo "1509"]
[PlyCount "104"]
[EventDate "2018.09.03"]
[EventType "swiss"]
[EventRounds "9"]
[EventCountry "ESP"]
[SourceTitle "CBM 187 Extra"]
[Source "ChessBase"]
[SourceDate "2018.11.04"]
[SourceVersion "1"]
[SourceVersionDate "2018.11.04"]
[SourceQuality "1"]

1. e4 c5 2. Nf3 d6 3. d4 cxd4 4. Nxd4 Nf6 5. Nc3 a6 6. Be2 e5 7. Nf3 Be7 8. 0-0 b5 9. a3 Be6 10. h3 Nbd7 11. Be3 Rc8 12. Qd2 0-0 13. Bd3 Nc5 14. Bxc5 Rxc5 15. Rfe1 Qc7 16. Rad1 Re8 17. Qe2 Bf8 18. Nd2 d5 19. exd5 Nxd5 20. Nxd5 Bxd5 21. Ne4 Rc6 22. Qf3 Qd7 23. Bxb5 axb5 24. Rxd5 Qb7 25. Qd3 b4 26. Rd7 Qc8 27. Ng5 g6 28. Qd5 Rce6 29. Nxe6 fxe6 30. Qd3 bxa3 31. bxa3 Bxa3 32. Rxe5 Bb2 33. Rb5 Qa8 34. Rbb7 Qa1+ 35. Kh2 Be5+ 36. g3 Qe1 37. Qe3 Qf1 38. Rxh7 Rf8 39. f4 Rxf4 40. Rh8+ Bxh8 41. Qxe6+ Rf7 42. Qxg6+ Kf8 43. Rxf7+ Qxf7 44. Qxf7+ Kxf7 45. Kg2 Kg6 46. Kf3 Kf5 47. h4 Be5 48. g4+ Kg6 49. c4 Bd6 50. h5+ Kg5 51. Ke4 Bf8 52. Kd5 Kxg4 1/2-1/2

[Event "Madrid San Viator op-B 25th"]
[Site "Madrid"]
[Date "2015.11.01"]
[Round "6"]
[White "Coronado Riscos, Hector"]
[Black "Garcia Pardo, Celia"]
[Result "1/2-1/2"]
[WhiteElo "1102"]
[BlackElo "1020"]
[PlyCount "101"]
[EventDate "2015.10.04"]
[EventType "swiss"]
[EventRounds "9"]
[EventCountry "ESP"]
[SourceTitle "EXT 2019"]
[Source "ChessBase"]
[SourceDate "2018.10.10"]
[SourceVersion "1"]
[SourceVersionDate "2018.10.10"]
[SourceQuality "1"]

1. d4 d5 2. Nf3 Nf6 3. Bg5 e6 4. Nbd2 Be7 5. e3 0-0 6. c4 Ne4 7. Bxe7 Qxe7 8. a3 b6 9. Bd3 Bb7 10. 0-0 Nd7 11. Qc2 c5 12. Nxe4 dxe4 13. Bxe4 Bxe4 14. Qxe4 Nf6 15. Qd3 Ng4 16. b3 Nh6 17. e4 Rad8 18. a4 e5 19. d5 a5 20. Rfd1 Rd7 21. Rd2 f5 22. d6 Qe6 23. Qd5 Qxd5 24. Rxd5 fxe4 25. Nxe5 Rdd8 26. Nc6 Rd7 27. Ne7+ Kh8 28. Re1 Nf7 29. Rxe4 Rxd6 30. Rf4 Rf6 31. Rxf6 gxf6 32. f4 Kg7 33. g4 Re8 34. Rd7 h6 35. h4 Kf8 36. Ng6+ Kg8 37. Re7 Rxe7 38. Nxe7+ Kg7 39. Nf5+ Kg6 40. h5+ Kh7 41. Kf2 Kg8 42. Ke3 Kf8 43. Ke4 Ke8 44. Kd5 Kd7 45. g5 fxg5 46. Nxh6 Nxh6 47. fxg5 Nf7 48. g6 Nh6 49. Ke5 Ke7 50. g7 Ng8 51. Kf5 1/2-1/2

[Event "Madrid San Viator op-B 25th"]
[Site "Madrid"]
[Date "2015.10.12"]
[Round "3"]
[White "Lopez Nunez, Alonso"]
[Black "Garcia Pardo, Celia"]
[Result "1/2-1/2"]
[WhiteElo "1283"]
[BlackElo "1020"]
[PlyCount "103"]
[EventDate "2015.10.04"]
[EventType "swiss"]
[EventRounds "9"]
[EventCountry "ESP"]
[SourceTitle "EXT 2019"]
[Source "ChessBase"]
[SourceDate "2018.10.10"]
[SourceVersion "1"]
[SourceVersionDate "2018.10.10"]
[SourceQuality "1"]

1. e4 e5 2. Nf3 Nc6 3. Bb5 d6 4. 0-0 Bd7 5. c3 Nf6 6. Re1 Be7 7. d3 a6 8. Ba4 b5 9. Bc2 0-0 10. Nbd2 b4 11. d4 exd4 12. cxd4 d5 13. e5 Nh5 14. Nf1 Bg4 15. Qd3 g6 16. N1d2 Nf4 17. Qe3 Ne6 18. h3 Bxf3 19. Nxf3 Na5 20. b3 c5 21. dxc5 Bxc5 22. Qd3 Nc6 23. Rd1 Ncd4 24. Nxd4 Bxd4 25. Rb1 Bxe5 26. Qxd5 Qxd5 27. Rxd5 Bf4 28. Bxf4 Nxf4 29. Re5 Rfc8 30. Re4 Nd5 31. Rc4 Nc3 32. Ra1 a5 33. a3 bxa3 34. Rxa3 a4 35. Rxc8+ Rxc8 36. Bd3 axb3 37. Rxb3 Na2 38. Ba6 Nc1 39. Rb1 Rc6 40. Bb5 Rb6 41. Rxc1 Rxb5 42. g4 h5 43. Kh2 hxg4 44. hxg4 f5 45. Rg1 Kf7 46. gxf5 Rxf5 47. Rf1 g5 48. Kg3 Kg6 49. f3 Rf6 50. f4 Rxf4 51. Rxf4 gxf4+ 52. Kxf4 1/2-1/2